Statistics for Disney Channel TV Shows #2

Click here to take the quiz!

General Stats

  • This quiz has been taken 4,117 times
    (4,109 since last reset)
  • The average score is 6 of 12

Answer Stats

Hint Answer % Correct
Twin brothers move from swanky hotel to cruise shipThe Suite Life on Deck
76%
Girl becomes nanny to 4 multi-racial childrenJessie
75%
A girl and her pet alien have adventures in HawaiiLilo and Stitch: The Series
70%
3 brothers are popstars and go to high schoolJONAS
69%
Two teens write and perform songs as a teamAustin & Ally
56%
Fish friends go to high schoolFish Hooks
56%
Boy is secretly a dragonAmerican Dragon: Jake Long
42%
A selfish emperor gets educatedThe Emporer's New School
39%
A brother and sister replace adults they don't likeThe Replacements
33%
Previously had a show about this showSo Random
32%
The young rulers of a barbarian kingdom have adventuresDave the Barbarian
22%
A Jewish family with three children. Two of them clash drastically.Even Stevens
18%

Score Distribution

Percentile by Number Answered

Percent of People with Each Score

Your Score History

You have not taken this quiz since the last reset